Źródełka Rymanów Zdrój - Statystyki

Ogólne statystyki
  • Ten quiz został rozwiązany 5 razy
  • Średni wynik to 9 z 12
Statystyki odpowiedzi
lp. Odpowiedź % Poprawnych
2 Celestyna
100%
4 Ignacy
100%
6 Klaudia
100%
10 Naftusia
100%
12 Tytus
100%
1 Anna
75%
7 Krokusowe
75%
8 Marysieńka
75%
11 Staś (Żelaziste)
75%
5 Jan (Siarczkowe)
50%
3 Danuta
25%
9 Mieczysław
25%
Nie znaleziono quizów pasujących do podanych kryteriów
Rozkład punktacji
Procent ludzi z każdym wynikiem
Percentyl według liczby udzielonych odpowiedzi
Twoja historia wyników
Nie rozwiązałeś tego quizu